| 000 | 00730nmm a2200265 a 4500 | ||
|---|---|---|---|
| 003 | AR-BaBNM | ||
| 005 | 20251128204250.0 | ||
| 008 | 257019s1961 ||||||||||||||000 | spa|| | ||
| 040 | _cAR-BaBNM | ||
| 100 | 1 | _aRomero del Prado, Victor N. | |
| 245 | 1 | 0 |
_aDerecho internacional privado _n1 |
| 260 |
_aCórdoba _bAssandri _c1961 |
||
| 300 | 0 | _a693 p. | |
| 500 | 0 | _aPublicaciones y antecedentes científicos del autor p. 11-19 | |
| 500 | 0 | _aIndice p. 687-693 | |
| 650 | 4 | _aDERECHO INTERNACIONAL PRIVADO | |
| 650 | 4 | _aNORMAS | |
| 650 | 4 | _aHISTORIA DEL DERECHO | |
| 650 | 4 | _aLEGISLACION | |
| 650 | 4 | _aEXTRANJEROS | |
| 650 | 4 | _aPOLITICA INTERNACIONAL | |
| 650 | 4 | _aLEGISLACION ARGENTINA | |
| 942 | _cBK | ||
| 998 | _cAndrea | ||
| 999 |
_c6772 _d6772 |
||